| 000 | 00434nam a22001577a 4500 | ||
|---|---|---|---|
| 003 | CUTN | ||
| 005 | 20220708083744.0 | ||
| 008 | 220623b |||||||| |||| 00| 0 eng d | ||
| 041 | _aEnglish | ||
| 082 |
_a510 _bKAM |
||
| 100 | _aKamalakkannan, R (R170201) | ||
| 245 | _aA study on fractional integral transforms | ||
| 260 |
_aThiruvarur _bCentral University of Tamil Nadu _cDecember 2021 |
||
| 700 | _aRoopkumar, R | ||
| 942 |
_2ddc _cTDP |
||
| 999 |
_c38006 _d38006 |
||